000 00240nam a22000977a 4500
999 _c11751
_d11751
008 200114b ||||| |||| 00| 0 eng d
020 _a0590402420
100 _aLobel Arnold
_97438
245 _aThe Fables
260 _aNew York
_bScholastic
_c1980